| 000 | 00403nam a2200169Ia 4500 | ||
|---|---|---|---|
| 100 | _aGillenson/Mark L/ Ponniah/Paulraj | ||
| 650 | _aDATABASE MANAGEMENT | ||
| 942 | _cBK | ||
| 366 | _f25 | ||
| 654 | _adatabase management | ||
| 245 | _aIntroduction to Database management | ||
| 260 |
_bWiely India _c2008 |
||
| 082 |
_a5.73 _bGIL |
||
| 300 | _a478 | ||
| 546 |
_aENGLISH _celectronics |
||
| 999 |
_c23452 _d23452 |
||